000 00382nam a2200157Ia 4500
999 _c420
_d420
003 OSt
005 20211129115237.0
008 190216s9999||||xx |||||||||||||| ||und||
040 _coclc
082 _a892.73
_bNAD/A
245 0 _aAlibaba /
260 _bNaduatul Ulama,
300 _a24p
650 _aArabic
942 _cBK
_2ddc
_h892.73
_iNAD/A
_k892.73
_mNAD/A